Biggest Cities in Kerala - Statistics

General Stats
  • This quiz has been taken 165 times
  • The average score is 6 of 10
Answer Stats
Population City % Correct
612,343 Kochi
97%
957,730 Thiruvananthapuram
93%
550,440 Kozhikode
86%
315,596 Thrissur
70%
397,419 Kollam
61%
174,164 Alappuzha
57%
101,386 Malappuram
51%
131,019 Palakkad
51%
92,558 Thalassery
17%
97,102 Manjeri
8%
No matching quizzes found
Score Distribution
Percent of People with Each Score
Percentile by Number Answered
Your Score History
You have not taken this quiz